Mikrobiologická analýza materského mlieka a sušeného dojčenského mlieka s obsahom probiotík.

Salvato in:
Dettagli Bibliografici
Autore principale: Hornická, Monika, 1990- (Autore)
Altri autori: Liptáková, Denisa, 1976- (Relatore della tesi)
Natura: Manoscritto Libro
Lingua:slovacco
Pubblicazione: 2015
Soggetti:
Accesso online:http://is.stuba.sk/zp/portal_zp.pl?podrobnosti=113170
Tags: Aggiungi Tag
Nessun Tag, puoi essere il primo ad aggiungerne!!

MARC

LEADER 00000ntm a22000003a 4500
001 stuzp52458
003 SK-STU
005 20160719154157.8
007 ta
008 150427s2015----xo-----f-mn---000-0-slo-d
040 |a STU  |b slo 
041 0 |a slo 
100 1 |a Hornická, Monika,  |d 1990-  |u 043360  |4 aut  |U FCHPT Ústav biochémie, výživy a ochrany zdravia  |T FCHPT Oddelenie výživy a hodnotenia potravín  |X 44131  |U C3360  |Y 114  |7 A0000044131 
242 0 1 |a Microbiological Analysis of Breast Milk and Infant Milk Formula Containing Probiotics.  |y eng 
245 1 0 |a Mikrobiologická analýza materského mlieka a sušeného dojčenského mlieka s obsahom probiotík. 
260 |c 2015 
650 4 |a materské mlieko  |2 slo 
650 4 |a probiotiká  |2 slo 
650 4 |a umelá dojčenská výživa  |2 slo 
650 4 |a probiotics  |2 eng 
650 4 |a breast milk  |2 eng 
650 4 |a artificial infant milk  |2 eng 
700 1 |a Liptáková, Denisa,  |d 1976-  |4 ths  |X 3967  |7 A000003967 
856 4 |u http://is.stuba.sk/zp/portal_zp.pl?podrobnosti=113170 
SQL |a stuzp52458  |b DDP  |c SLO  |d Mikrobiologická analýza materského mlieka a sušeného dojčenského mlieka s obsahom probiotík.  |e 44131  |f Hornická, Monika  |g 043360  |h 3967  |i Liptáková, Denisa  |j 20150609  |k 129  |l 04  |m http://is.stuba.sk/zp/portal_zp.pl?podrobnosti=113170  |n I-VYOZDR  |o 5.2.24. potravinárstvo